00652 2200253 4500001002100000005001500021035002000036007000300056008004100059040001700100100002300117245005800140250001200198300003000210020001800240041000800258082001000266084001600276090002000292260003900312600001500351850001000366990002200376INLIS00000000000335320260526072658 a0010-0421000176ta260526 0  aSBPUPADbind0 aSoekarno Koestanto1 aIlmu Pengetahuan Sosial Unuk SD /cSoekarno Koestanto a.-Cet.4 a59 hlm. :bilus. ;c20 cm a979-666-269-80 aind a372.8 a372.8 SOE i a372.8 SOE i 9-9 a.--Jakarta :bBalai Pustaka,c2007 4aPendidikan aPUPAD a26.107/H/DPK/2018